Statistieken voor Bekendste rivieren

Klik hier om de quiz te nemen!

Algemene statistieken

  • Deze quiz is 94 keer genomen
  • De gemiddelde score is 10 van 20

Antwoordstatistieken

BeschrijvingRivier% Correct
De langste van de wereldNijl
92%
Stroomt door vier hoofdsteden, zoals WenenDonau
89%
Stroomt door ParijsSeine
89%
De grootste naar volumeAmazone
85%
Langste in Noord-AmerikaMississippi | Missouri
83%
Stroomt tussen Düsseldorf en BazelRijn
83%
Stroomt parallel aan de TigrisEufraat
60%
Door de Hindoes zeer sterk vereerdGanges
58%
Stroomt door LondenThames
58%
Langste in EuropaWolga
58%
Stroomt door RomeTiber
57%
Sleet de Grand Canyon uitColorado
47%
Langste in IndochinaMekong
40%
Tweede langste in AfrikaKongo
28%
Langste in AziëYangtze
25%
Vormt de grens tussen Mexico en TexasRio Grande
21%
Herbergt een oude beschaving in PakistanIndus
19%
Vormt "kleurrijk" de grens tussen Zuid-Afrika en NamibiaOranje Rivier
9%
Verbindt de Grote Meren met de Atlantische OceaanSt. Lawrence
6%
Langste in OceaniëMurray
4%

Scoreverdeling

Percentiel versus Aantal Correcte Antwoorden

Procent van Mensen met Elke Score

Uw Scoregeschiedenis

U heeft deze quiz nog niet genomen